| 000 | 00417cam a2200169ua 4500 | ||
|---|---|---|---|
| 020 | _c200.00 | ||
| 041 |
_aeng _h |
||
| 082 |
_a621.4021 _bMUR/EN |
||
| 100 | _aMurugesan, S.N . | ||
| 245 |
_aEngineering thermodynamics / _cS.N Murugesan. _hTextual Documents |
||
| 260 |
_aChennai : _bRBA Publications , _c2005. |
||
| 300 | _a ; . | ||
| 365 | _a200.00 | ||
| 504 | _a | ||
| 942 | _cBK | ||
| 999 |
_c13552 _d13552 |
||